Nutrition in tropical aquaculture (Record no. 9512)
[ view plain ]
| 000 -LEADER | |
|---|---|
| fixed length control field | 00272nam a22001217a 4500 |
| 040 ## - CATALOGING SOURCE | |
| Transcribing agency | HS |
| 082 ## - DEWEY DECIMAL CLASSIFICATION NUMBER | |
| Classification number | 156 |
| 100 ## - MAIN ENTRY--AUTHOR NAME | |
| Personal name | OSENI M. MILLAMENA |
| 245 ## - TITLE STATEMENT | |
| Title | Nutrition in tropical aquaculture |
| 260 ## - PUBLICATION, DISTRIBUTION, ETC. (IMPRINT) | |
| Place of publication | Philippines |
| Name of publisher | OSENI M. MILLAMENA |
| Year of publication | 2002 |
| 300 ## - PHYSICAL DESCRIPTION | |
| Number of Pages | 221p; |
| 942 ## - ADDED ENTRY ELEMENTS (KOHA) | |
| Koha item type | សៀវភៅភាសាអង់គ្លេស |
| 952 ## - LOCATION AND ITEM INFORMATION (KOHA) | |
| Withdrawn status [LOCAL, KOHA] | 0 |
| 952 ## - LOCATION AND ITEM INFORMATION (KOHA) | |
| Withdrawn status [LOCAL, KOHA] | 0 |
| Permanent Location | Date acquired | Koha item type | Lost status | Shelving location | Barcode | Current Location | Full call number |
|---|---|---|---|---|---|---|---|
| Library Block C | 2016-09-02 | សៀវភៅភាសាអង់គ្លេស | C022 | RUA045359 | Library Block C | 156 OSE 2002 C022 | |
| Library Block C | 2016-09-15 | សៀវភៅភាសាអង់គ្លេស | C022 | RUA045191 | Library Block C | 156 MIL 2002 C021 C022 Or. |